Kontakt : Journal of Nursing and Social Sciences Related to Health and Illness

Gespeichert in:
Bibliographische Detailangaben
Format: Schriftenreihe
Sprache:Englisch
Veröffentlicht: České Budějovice Faculty of health and social studies of University of South Bohemia
Tags: Tag hinzufügen
Keine Tags, Fügen Sie das erste Tag hinzu!

MARC

LEADER 00000nas1a2200000 4500
001 0269948
005 20250701092125.4
022 |a 1212-4117 
022 |a 1804-7122 
041 0 |a eng 
044 |a CZ 
245 1 0 |a Kontakt : Journal of Nursing and Social Sciences Related to Health and Illness 
264 1 |a České Budějovice  |b Faculty of health and social studies of University of South Bohemia